[Event "GER-chT Seniors 17th"]
[Site "Berlin"]
[Date "2008.09.02"]
[Round "3"]
[White "Traub, Heinrich"]
[Black "Kuehn, Peter1"]
[Result "1/2-1/2"]
[WhiteElo "1613"]
[BlackElo "2446"]
[PlyCount "102"]
[EventDate "2008.08.31"]
[EventType "team-swiss"]
[EventRounds "7"]
[EventCountry "GER"]
[SourceTitle "CBM 126 Extra"]
[Source "ChessBase"]
[SourceDate "2008.11.05"]
[SourceVersion "1"]
[SourceVersionDate "2008.11.05"]
[SourceQuality "1"]

1. e4 c5 2. Nf3 e6 3. d4 cxd4 4. Nxd4 Nf6 5. Nc3 d6 6. Be2 a6 7. 0-0 Nbd7 8. Kh1 b5 9. Bf3 Ne5 10. Bf4 Nxf3 11. Nxf3 b4 12. e5 dxe5 13. Qxd8+ Kxd8 14. Nxe5 Ke8 15. Na4 Nd5 16. Bd2 f6 17. Nd3 Kf7 18. Rfe1 Ra7 19. c4 bxc3 20. Nxc3 Nxc3 21. Bxc3 Rd7 22. Rad1 Be7 23. Nb4 Rhd8 24. Rxd7 Rxd7 25. Kg1 Bc5 26. Nc2 g5 27. Ne3 h5 28. Rd1 Rxd1+ 29. Nxd1 Bd7 30. Kf1 e5 31. Ne3 Bb5+ 32. Ke1 Ke6 33. Nf1 f5 34. Ng3 h4 35. Ne2 f4 36. g3 hxg3 37. hxg3 f3 38. Nc1 g4 39. Nb3 Ba7 40. Nd2 Kd5 41. Nf1 Ke4 42. Nh2 Bd7 43. Nf1 Bb6 44. Nd2+ Kd5 45. a3 e4 46. Nf1 Kc4 47. Ne3+ Kd3 48. Bd2 Bd4 49. Bc1 Be6 50. Kd1 Bb3+ 51. Ke1 Bxe3 1/2-1/2

[Event "Bad Woerishofen op 16th"]
[Site "Bad Woerishofen"]
[Date "2000.03.25"]
[Round "9"]
[White "Traub, Heinrich"]
[Black "Weimer, Lothar"]
[Result "0-1"]
[WhiteElo "1675"]
[BlackElo "1875"]
[PlyCount "62"]
[EventDate "2000.03.??"]
[EventType "swiss"]
[EventRounds "9"]
[EventCountry "GER"]
[SourceTitle "CBM 075 Extra"]
[Source "ChessBase"]
[SourceDate "2000.05.11"]
[SourceVersion "2"]
[SourceVersionDate "2000.05.11"]
[SourceQuality "1"]

1. e4 e6 2. d4 d5 3. Nc3 Nf6 4. e5 Nfd7 5. Nf3 c5 6. Ne2 Nc6 7. c3 b6 8. Ng3 Be7 9. Bb5 Bb7 10. 0-0 0-0 11. Qa4 Qc7 12. Qd1 Rfc8 13. Nh5 a6 14. Bd3 cxd4 15. cxd4 Nb4 16. Bb1 Nc2 17. Qd3 Nf8 18. Bxc2 Qxc2 19. Qe3 a5 20. Ng5 Ba6 21. Qf3 Bxg5 22. Bxg5 Qg6 23. h4 Bxf1 24. g4 Ba6 25. Nxg7 Kxg7 26. Bf6+ Kg8 27. Qf4 h5 28. Kh2 hxg4 29. Rg1 Be2 30. Kg3 Qd3+ 31. f3 Qxf3+ 0-1